000 01113njm a2200301Ia 4500
001 A5944
003 IT-RoPAU
005 20220918181146.0
008 131025s9999 xx 000 0 und d
040 _aIT-RoPAU
040 _cIT-RoPAU
041 _aINGLESE
999 _c101619
_d101619
999 _bn.d.
100 _aGenesis
_92395
100 _eAutore musica
_928296
100 _gCodice autore musica SPICS: 10916
_92397
245 _aWe Can't Dance
250 _a1a ed.
260 _aLONDON
260 _bVIRGIN RECORDS
_c1991 [1a Ed.:1991 - Ed. Lingua Orig.: 1991]
300 _aCOMPACT DISC
500 _aMusica rock.
505 _aNo Son of Mine - Jesus He Knows Me - Driving the Last Spike - I Can't Dance - Never A Time - Dreaming While You Sleep - Tell Me Why - Living Forever - Hold On My Heart - Way of the World - Since I Lost You - Fading Lights
650 _aROCK [COMPACT DISC]
_eCodice MATERIA SPICS: 9949
_928297
700 _aGenesis
_eAutore testo e musica
_gCodice autore testo/musica SPICS: 10916
_928298
700 _aGenesis
_gCodice interprete SPICS: 10916
_eInterprete
_928299
942 _cCD
_2ddc